LEADER 00804nam0-22002891i-450- 001 990000501790403321 005 20071001112053.0 035 $a000050179 035 $aFED01000050179 035 $a(Aleph)000050179FED01 035 $a000050179 100 $a20020821d1967----km-y0itay50------ba 101 0 $aeng 105 $aa-------001yy 200 1 $aAdvanced optical techniques$fEdited by A.C.S. Van Heel 210 $aAmsterdam$cNorth-Holland$d1967 215 $a678 p.$cill.$d25 cm 610 0 $aOttica 676 $a535.08 700 1$aHeel,$bAbraham Cornelis Sebastiën : van$0347424 801 0$bUNINA$gRICA$2UNIMARC 901 $aBK 912 $a990000501790403321 952 $a10 B III 100$b9054$fDINEL 959 $aDINEL 996 $aAdvanced optical techniques$9330283 997 $aUNINA LEADER 00940nam a2200265 i 4500 001 991001813819707536 005 20020507152054.0 008 000629s1997 it ||| | ita 020 $a8838710414 035 $ab11567818-39ule_inst 035 $aLE02725616$9ExL 040 $aDip.to Studi Giuridici$bita 082 0 $a352.00047 084 $aC-XX/A 100 1 $aAnselmi, Luca$0115256 245 13$aIl controllo di gestione nelle amministrazioni pubbliche /$cL. Anselmi ... [et al.] 260 $aRimini :$bMaggioli,$c[1997] 300 $a255 p. ;$c24 cm. 490 0 $aSVIMAP network ;$v8 907 $a.b11567818$b01-03-17$c02-07-02 912 $a991001813819707536 945 $aLE027 C-XX/A 70$g1$i2027000252275$lle027$o-$pE0.00$q-$rl$s- $t0$u2$v0$w2$x0$y.i11771707$z02-07-02 996 $aControllo di gestione nelle amministrazioni pubbliche$9895736 997 $aUNISALENTO 998 $ale027$b01-01-00$cm$da $e-$fita$git $h3$i1